1204 1485 1123 1583 1449 1196 1954 1507 1982 1656 1817 1559 1855 1078 1569 1618 1892 1221 1412 1796 1840 1241 1039 1610 1469 1853 1004 1899 1850 1781 1770 1191 1502 1676 1216 1776 1463 1850 1765 1524 1726 1518 1789 1589 1394 1056 1769 1826 1660 1184 1974 1933 1977 1940 1241 1975 1842 1697 1910 1269 1656 1468 1573 1695 1795 1108 1840 1204 1823 1557 1608 1031 1024 1079 1014 1237 1674 1093 1999 1478 1667 1561 1628 1323 1910 1514 1412 1967 1273 1370 1394 1958 1313 1314 1839 1105 1379 1013 1432 BCNSPRNW ULIB Ver.6.0+V

เปลี่ยนเป็นภาษาไทย

Change to English
 แสดงรายละเอียดบรรณานุกรม
  กลับหน้าหลัก

Brief Record : Get Marc (ISO 2709) : E-mail record : QR code < ปิดหน้าต่าง
LEADER : 00000nam 2200000uu 4500
001    13399113563
003     ULIB
008    111128s2552||||th 000 0 tha d
020    ^a9789746907224
090    ^aนว.^bล979บ 2552
100 0  ^aไลแลต
245 00 ^aมายา รักร้าย/^cไลแลต
250    ^aพิมพ์ครั้งที่ 1
260    ^aกรุงเทพฯ :^bดอกหญ้า 2000,^c2552
300    ^a262 หน้า
710 1  ^aดอกหญ้า 2000
945    ^p179^l0^i16426
995    ^aกัณชพร
999    ^aใช้งานได้ทุกระบบ
รายการนี้ยังไม่มีแท็ก
คุณยังไม่ได้ล็อกอิน คุณสามารถมีกิจกรรมร่วมกับเว็บไซต์ได้ แต่ต้องล็อกอินก่อน ::
  ล็อกอิน

รายการสื่อสารสนเทศ

ลำดับที่ ประเภท เลขเรียก/บาร์โค้ด สถานที่ สถานะ
1. นวนิยาย
นวนิยาย
นว. ล979บ 2552  
  Barcode: 16426
ห้องสมุดวิทยาเขตสวรรค์ประชารักษ์
►นวนิยาย
บนชั้น
  ขอยืม

BibComment


ยังไม่เคยถูกคอมเมนท์

คอมเมนท์ทรัพยากรรายการนี้
  คอมเมนท์: มายา รักร้าย ไลแลต


 Copyright 2026. Bcnsprnw @Library